[Event "GBR-ch90"]
[Site "Edinburgh"]
[Date "2003.07.26"]
[Round "6.29"]
[White "Taylor, Robert M"]
[Black "Sowray, Peter J"]
[Result "1/2-1/2"]
[WhiteElo "2169"]
[BlackElo "2346"]
[PlyCount "65"]
[EventDate "2003.07.21"]
[EventType "swiss"]
[EventRounds "11"]
[EventCountry "GBR"]
[SourceTitle "BritBase"]
[Source "John Saunders"]
[SourceDate "2008.07.14"]
[SourceVersion "1"]
[SourceVersionDate "2008.07.14"]
[SourceQuality "2"]

1. e4 e5 2. Nf3 Nc6 3. Bb5 a6 4. Ba4 Nf6 5. O-O Be7 6. Re1 b5 7. Bb3 d6 8. c3
O-O 9. d3 h6 10. Nbd2 Re8 11. Nf1 Bf8 12. Ng3 Na5 13. Bc2 c5 14. h3 Nc6 15. d4
Bd7 16. Be3 Qc7 17. Rc1 Rac8 18. Bb1 Qb7 19. d5 Ne7 20. Nh2 Ng6 21. Ng4 Be7 22.
Nxf6+ Bxf6 23. Nf5 {(=)} Bxf5 24. exf5 Nf8 25. Qg4 Kh8 26. Be4 Qe7 27. c4 Rb8
28. b4 Nd7 29. bxc5 dxc5 30. Red1 Qd6 31. Qh5 Kg8 32. h4 Be7 33. g3 1/2-1/2

[Event "GBR-ch90"]
[Site "Edinburgh"]
[Date "2003.07.26"]
[Round "6.31"]
[White "Ramaswamy, Aarthie"]
[Black "Jackson, Adrian"]
[Result "1-0"]
[WhiteElo "2316"]
[BlackElo "2228"]
[PlyCount "53"]
[EventDate "2003.07.21"]
[EventType "swiss"]
[EventRounds "11"]
[EventCountry "GBR"]
[SourceTitle "BritBase"]
[Source "John Saunders"]
[SourceDate "2008.07.14"]
[SourceVersion "1"]
[SourceVersionDate "2008.07.14"]
[SourceQuality "2"]

1. e4 c5 2. Nf3 d6 3. d4 cxd4 4. Nxd4 Nf6 5. Nc3 g6 6. Be3 Bg7 7. f3 O-O 8. Qd2
Nc6 9. Bc4 Bd7 10. O-O-O Rc8 11. Bb3 Ne5 12. h4 h5 13. Kb1 a6 14. Bh6 Kh7 15.
Bxg7 Kxg7 16. g4 hxg4 17. h5 Nxh5 18. f4 Nc4 19. Bxc4 Rxc4 20. f5 Rh8 21. Nd5
Rc8 22. Qg5 e6 23. f6+ Kf8 24. Nf4 Rh7 25. Nxh5 Rc5 26. Nf5 exf5 27. Nf4 1-0

[Event "GBR-ch90"]
[Site "Edinburgh"]
[Date "2003.07.26"]
[Round "6.33"]
[White "Grant, Jonathan"]
[Black "Goodger, Martyn"]
[Result "1/2-1/2"]
[WhiteElo "2271"]
[BlackElo "2114"]
[PlyCount "84"]
[EventDate "2003.07.21"]
[EventType "swiss"]
[EventRounds "11"]
[EventCountry "GBR"]
[SourceTitle "BritBase"]
[Source "John Saunders"]
[SourceDate "2008.07.14"]
[SourceVersion "1"]
[SourceVersionDate "2008.07.14"]
[SourceQuality "2"]

1. c4 f5 2. Nc3 Nf6 3. g3 g6 4. Bg2 Bg7 5. d3 e5 6. e4 d6 7. Nge2 Nc6 8. O-O
O-O 9. Nd5 Be6 10. Bg5 Qd7 11. Qd2 fxe4 12. dxe4 Rf7 13. Rad1 Raf8 14. b4 Bh3
15. f3 Bxg2 16. Kxg2 Kh8 17. Be3 b6 18. a3 h5 19. h3 Nd8 20. c5 dxc5 21. bxc5
Nc6 22. Qc2 Qe6 23. cxb6 cxb6 24. Nef4 exf4 25. Nxf4 Qe8 26. Nxg6+ Kg8 27. Nxf8
Bxf8 28. Bc1 Rg7 29. Bb2 Qg6 30. Qf2 Rf7 31. Qe1 Bc5 32. Rd2 Re7 33. e5 h4 34.
g4 Nh5 35. f4 Ng3 36. f5 Qe8 37. f6 Nxe5 38. fxe7 Qc6+ 39. Kh2 Bg1+ 40. Kxg1
Qh1+ 41. Kf2 Qf3+ 42. Kg1 Qh1+ 1/2-1/2

[Event "GBR-ch90"]
[Site "Edinburgh"]
[Date "2003.07.26"]
[Round "6.34"]
[White "Munson, Shaun D"]
[Black "Buckley, Simon T"]
[Result "0-1"]
[WhiteElo "2112"]
[BlackElo "2267"]
[PlyCount "94"]
[EventDate "2003.07.21"]
[EventType "swiss"]
[EventRounds "11"]
[EventCountry "GBR"]
[SourceTitle "BritBase"]
[Source "John Saunders"]
[SourceDate "2008.07.14"]
[SourceVersion "1"]
[SourceVersionDate "2008.07.14"]
[SourceQuality "2"]

1. d4 Nf6 2. Nf3 e6 3. e3 c5 4. Bd3 Nc6 5. O-O d5 6. b3 Be7 7. Bb2 O-O 8. Nbd2
Qc7 9. a3 Nd7 10. Ne5 Ndxe5 11. dxe5 b5 12. Bxb5 Nxe5 13. f4 Ng6 14. Bd3 f5 15.
Qh5 Bf6 16. Bxf6 Rxf6 17. Rf3 d4 18. Raf1 dxe3 19. Nc4 Bb7 20. Rh3 Nxf4 21.
Qxh7+ Kf7 22. Rg3 Rg8 23. Rxe3 Rh6 24. Ne5+ Kf8 25. Qxg8+ Kxg8 26. Rxf4 g5 27.
Rf2 Be4 28. Ng4 fxg4 29. Bxe4 Qxh2+ 30. Kf1 g3 31. Rd2 Rf6+ 32. Ke2 Qg1 33. Kd3
Qf1+ 34. Ree2 Rf4 35. c3 Qb1+ 36. Rc2 Qxb3 37. Rb2 Qd1+ 38. Rbd2 Qb1+ 39. Rc2
Qb5+ 40. Kd2 Qc4 41. Bc6 Rf2 42. Kd1 Qd3+ 43. Ke1 Rxe2+ 44. Rxe2 Qxc3+ 45. Kd1
Qd3+ 46. Ke1 c4 47. Rxe6 c3 0-1

[Event "GBR-ch90"]
[Site "Edinburgh"]
[Date "2003.07.26"]
[Round "6.35"]
[White "Eggleston, David"]
[Black "Vujatovic, Rajko"]
[Result "1-0"]
[WhiteElo "2094"]
[BlackElo "2265"]
[PlyCount "107"]
[EventDate "2003.07.21"]
[EventType "swiss"]
[EventRounds "11"]
[EventCountry "GBR"]
[SourceTitle "BritBase"]
[Source "John Saunders"]
[SourceDate "2008.07.14"]
[SourceVersion "1"]
[SourceVersionDate "2008.07.14"]
[SourceQuality "2"]

1. e4 d5 2. Nc3 d4 3. Nce2 e5 4. Nf3 f6 5. Ng3 Be6 6. Bb5+ c6 7. Ba4 Na6 8. Bb3
Bxb3 9. axb3 d3 10. O-O Nb4 11. cxd3 Nxd3 12. Ne1 Nxc1 13. Qxc1 Qb6 14. Qc4
O-O-O 15. Nc2 Nh6 16. d4 exd4 17. Rfd1 Kb8 18. Nxd4 Bc5 19. Nge2 Ng4 20. Rac1
Bxd4 21. Nxd4 Qc7 22. g3 Qe5 23. Ne6 Qh5 24. Rxd8+ Rxd8 25. h4 Ne5 26. Qc5 Nf3+
27. Kh1 Qg4 28. Qf5 Qxf5 29. exf5 Rd2 30. Kg2 Ne5 31. Nxg7 a5 32. Rc5 Nd3 33.
Rxa5 Rxf2+ 34. Kg1 Rxb2 35. Ne8 Rxb3 36. Nxf6 b5 37. Nxh7 Ne5 38. Kg2 c5 39.
Nf6 c4 40. Ne4 Rb2+ 41. Kh3 Kb7 42. f6 Kb6 43. Ra8 Rb3 44. Re8 Nf7 45. Re7 Nh8
46. Rh7 b4 47. Rxh8 Rf3 48. Rb8+ Ka5 49. Kg2 Rf5 50. g4 Rf4 51. Kg3 Rxf6 52.
Nxf6 c3 53. Rxb4 Kxb4 54. Nd5+ 1-0

[Event "GBR-ch90"]
[Site "Edinburgh"]
[Date "2003.07.26"]
[Round "6.36"]
[White "Lyell, Mark"]
[Black "Waters, Clive L"]
[Result "1-0"]
[WhiteElo "2256"]
[BlackElo "2111"]
[PlyCount "43"]
[EventDate "2003.07.21"]
[EventType "swiss"]
[EventRounds "11"]
[EventCountry "GBR"]
[SourceTitle "BritBase"]
[Source "John Saunders"]
[SourceDate "2008.07.14"]
[SourceVersion "1"]
[SourceVersionDate "2008.07.14"]
[SourceQuality "2"]

1. e4 g6 2. d4 Bg7 3. Nf3 d6 4. Bc4 e6 5. Bg5 Ne7 6. O-O h6 7. Bh4 a6 8. Qe1 b6
9. Nc3 Bb7 10. Qd2 g5 11. Bg3 Ng6 12. Qd3 g4 13. Nd2 h5 14. Bxe6 fxe6 15. e5
Nf8 16. exd6 cxd6 17. Nde4 e5 18. dxe5 Bxe4 19. Nxe4 Nfd7 20. Nxd6+ Kf8 21. Qd5
Qe7 22. Bh4 1-0

[Event "GBR-ch90"]
[Site "Edinburgh"]
[Date "2003.07.26"]
[Round "6.37"]
[White "Moore, Gerald"]
[Black "Adams, David M"]
[Result "1-0"]
[WhiteElo "2252"]
[BlackElo "2172"]
[PlyCount "65"]
[EventDate "2003.07.21"]
[EventType "swiss"]
[EventRounds "11"]
[EventCountry "GBR"]
[SourceTitle "BritBase"]
[Source "John Saunders"]
[SourceDate "2008.07.14"]
[SourceVersion "1"]
[SourceVersionDate "2008.07.14"]
[SourceQuality "2"]

1. Nf3 Nf6 2. c4 c6 3. d4 d5 4. Nc3 a6 5. c5 Nbd7 6. Bf4 Nh5 7. e3 Nxf4 8. exf4
g6 9. Bd3 Bg7 10. O-O Nf8 11. Qd2 Qc7 12. g3 Bg4 13. Ne5 h5 14. Rfe1 Ne6 15.
Bf1 g5 16. fxg5 Bxe5 17. Rxe5 Nxc5 18. Rae1 Ne6 19. g6 Nd8 20. Qg5 Be6 21.
gxf7+ Nxf7 22. Qg7 Bg4 23. h3 Bc8 24. Bd3 Bxh3 25. Bg6 Rf8 26. Rxh5 O-O-O 27.
Bxf7 e5 28. Rxh3 Rxf7 29. Qxe5 Qb6 30. Rh8 Rfd7 31. Na4 Qb4 32. Rxd8+ Rxd8 33.
Nc5 1-0

[Event "GBR-ch90"]
[Site "Edinburgh"]
[Date "2003.07.26"]
[Round "6.38"]
[White "Eggleston, Thomas"]
[Black "Rendle, Thomas"]
[Result "1/2-1/2"]
[WhiteElo "2040"]
[BlackElo "2240"]
[PlyCount "48"]
[EventDate "2003.07.21"]
[EventType "swiss"]
[EventRounds "11"]
[EventCountry "GBR"]
[SourceTitle "BritBase"]
[Source "John Saunders"]
[SourceDate "2008.07.14"]
[SourceVersion "1"]
[SourceVersionDate "2008.07.14"]
[SourceQuality "2"]

1. e4 e6 2. d4 d5 3. Nd2 Be7 4. Bd3 c5 5. dxc5 Nf6 6. Qe2 Nc6 7. Ngf3 Nb4 8.
O-O Nxd3 9. cxd3 Bxc5 10. Nb3 Be7 11. Bg5 O-O 12. Rac1 Kh8 13. e5 Ng8 14. Bf4
Bd7 15. Nbd4 Rc8 16. Rxc8 Qxc8 17. h4 Qd8 18. h5 Qb6 19. Rc1 Rc8 20. Rxc8 Bxc8
21. Be3 Bc5 22. Qc2 Bd7 23. a3 a5 24. Qc1 h6 1/2-1/2

[Event "GBR-ch90"]
[Site "Edinburgh"]
[Date "2003.07.26"]
[Round "6.39"]
[White "Rutherford, Elaine"]
[Black "Anderton, Matthew N"]
[Result "0-1"]
[WhiteElo "2061"]
[BlackElo "2237"]
[PlyCount "92"]
[EventDate "2003.07.21"]
[EventType "swiss"]
[EventRounds "11"]
[EventCountry "GBR"]
[SourceTitle "BritBase"]
[Source "John Saunders"]
[SourceDate "2008.07.14"]
[SourceVersion "1"]
[SourceVersionDate "2008.07.14"]
[SourceQuality "2"]

1. e4 e6 2. d4 d5 3. Nd2 Nf6 4. e5 Nfd7 5. c3 c5 6. Bd3 Nc6 7. Ne2 Qb6 8. Nf3
cxd4 9. cxd4 f6 10. exf6 Nxf6 11. O-O Bd6 12. Re1 O-O 13. Bf4 e5 14. Bxe5 Bxe5
15. dxe5 Ng4 16. Rf1 Ncxe5 17. Ned4 Nxf3+ 18. Nxf3 Qxb2 19. Bc2 Nf6 20. Qd3 Qb4
21. Rfe1 Bd7 22. Rab1 Qa5 23. Ng5 Rae8 24. Red1 Qa6 25. Qb3 h6 26. Rxd5 Ba4 27.
Qxa4 Qxa4 28. Bxa4 Nxd5 29. Bxe8 Rxe8 30. Nf3 Re2 31. Ra1 a5 32. Kf1 Rb2 33.
Nd4 a4 34. g3 a3 35. Nb3 Nc3 36. Nc1 Kf7 37. Kg2 Ke6 38. Kf3 b5 39. h4 b4 40.
Ke3 Kd5 41. Nd3 Re2+ 42. Kf4 Kc4 43. Ne5+ Kb5 44. Kf5 Rxa2 45. Re1 Rxf2+ 46.
Kg6 Re2 0-1

[Event "GBR-ch90"]
[Site "Edinburgh"]
[Date "2003.07.26"]
[Round "6.40"]
[White "McEwan, Ken B"]
[Black "Gordon, Stephen J"]
[Result "1/2-1/2"]
[WhiteElo "2190"]
[BlackElo "2216"]
[PlyCount "73"]
[EventDate "2003.07.21"]
[EventType "swiss"]
[EventRounds "11"]
[EventCountry "GBR"]
[SourceTitle "BritBase"]
[Source "John Saunders"]
[SourceDate "2008.07.14"]
[SourceVersion "1"]
[SourceVersionDate "2008.07.14"]
[SourceQuality "2"]

1. e4 c5 2. Nc3 Nc6 3. g3 g6 4. Bg2 Bg7 5. d3 d6 6. f4 e6 7. Nf3 Nge7 8. O-O
O-O 9. Ne2 f5 10. c3 Rb8 11. Qc2 b6 12. Bd2 Ba6 13. Rf2 Qd7 14. Re1 Rbc8 15.
Nc1 h6 16. Qa4 Bb7 17. Rfe2 Rcd8 18. Kh1 Kh7 19. Qc2 Rfe8 20. Nb3 Ng8 21. Bc1
Nf6 22. Nbd2 Ba6 23. b3 b5 24. Bb2 c4 25. bxc4 bxc4 26. d4 Rb8 27. Ba3 d5 28.
exf5 exf5 29. Ne5 Nxe5 30. fxe5 Ne4 31. Nxe4 fxe4 32. Rf1 Bc8 33. Ref2 Rb7 34.
Qd2 Qe6 35. Bc1 g5 36. Qd1 Qg6 37. Qa4 1/2-1/2

[Event "GBR-ch90"]
[Site "Edinburgh"]
[Date "2003.07.26"]
[Round "6.41"]
[White "Neelotpal, Das"]
[Black "Buckley, Melanie"]
[Result "1-0"]
[WhiteElo "2462"]
[BlackElo "2130"]
[PlyCount "81"]
[EventDate "2003.07.21"]
[EventType "swiss"]
[EventRounds "11"]
[EventCountry "GBR"]
[SourceTitle "BritBase"]
[Source "John Saunders"]
[SourceDate "2008.07.14"]
[SourceVersion "1"]
[SourceVersionDate "2008.07.14"]
[SourceQuality "2"]

1. e4 e6 2. d4 d5 3. Nc3 Bb4 4. e5 c5 5. a3 Bxc3+ 6. bxc3 Ne7 7. Qg4 Kf8 8. Nf3
h6 9. Bd3 b6 10. a4 Ba6 11. O-O Kg8 12. dxc5 bxc5 13. c4 Nbc6 14. Be3 d4 15.
Bd2 Qc7 16. Rfe1 Rd8 17. h4 Na5 18. Bxa5 Qxa5 19. Ra3 Nc6 20. Rb1 Qc7 21. Re1
Qa5 22. Rb1 Qc7 23. Qg3 Nb4 24. Nd2 Bb7 25. f4 Nxd3 26. cxd3 Kh7 27. Rf1 Rhf8
28. Raa1 Rb8 29. f5 exf5 30. Rxf5 Bc8 31. Rf3 Rb2 32. Ne4 Bb7 33. Re1 Bxe4 34.
Rxe4 Rb7 35. Qg4 Rb1+ 36. Kh2 Re8 37. Rg3 g6 38. e6 Rg8 39. h5 f5 40. hxg6+ Kh8
41. Qxf5 1-0

[Event "GBR-ch90"]
[Site "Edinburgh"]
[Date "2003.07.26"]
[Round "6.43"]
[White "Kafka, Graeme"]
[Black "Gourlay, Iain"]
[Result "1/2-1/2"]
[WhiteElo "2170"]
[BlackElo "2284"]
[PlyCount "68"]
[EventDate "2003.07.21"]
[EventType "swiss"]
[EventRounds "11"]
[EventCountry "GBR"]
[SourceTitle "BritBase"]
[Source "John Saunders"]
[SourceDate "2008.07.14"]
[SourceVersion "1"]
[SourceVersionDate "2008.07.14"]
[SourceQuality "2"]

1. e4 g6 2. d4 Bg7 3. Nc3 d6 4. Bc4 a6 5. Qf3 e6 6. Nge2 b5 7. Bb3 Bb7 8. a3
Nd7 9. Nf4 Qe7 10. d5 e5 11. Nd3 Ngf6 12. a4 bxa4 13. Bxa4 {(=)} O-O 14. O-O
Nb6 15. Bb3 Nfd7 16. Qe2 f5 17. f3 Kh8 18. Be3 f4 19. Bf2 g5 20. Na4 Rf6 21.
Nb4 a5 22. Nc6 Qe8 23. Nxb6 cxb6 24. Ba4 Qf7 25. b4 axb4 26. Nxb4 Nc5 27. Bc6
Ra5 28. Bxb7 Qxb7 29. Nc6 Ra8 30. Qb5 Nd7 31. Rxa8+ Qxa8 32. Bxb6 g4 33. fxg4
Nxb6 34. Qxb6 Qa4 1/2-1/2

[Event "GBR-ch90"]
[Site "Edinburgh"]
[Date "2003.07.26"]
[Round "6.44"]
[White "Coleman, James"]
[Black "Walton, Colin"]
[Result "1-0"]
[WhiteElo "2211"]
[BlackElo "2135"]
[PlyCount "97"]
[EventDate "2003.07.21"]
[EventType "swiss"]
[EventRounds "11"]
[EventCountry "GBR"]
[SourceTitle "BritBase"]
[Source "John Saunders"]
[SourceDate "2008.07.14"]
[SourceVersion "1"]
[SourceVersionDate "2008.07.14"]
[SourceQuality "2"]

1. d4 Nf6 2. Nf3 g6 3. Nc3 Bg7 4. e4 d6 5. Be3 c6 6. Qd2 h6 7. h3 b5 8. Bd3 b4
9. Ne2 a5 10. Ng3 Ba6 11. Bxa6 Nxa6 12. O-O c5 13. c3 Qc7 14. e5 dxe5 15. dxe5
bxc3 16. bxc3 Nd7 17. e6 Ne5 18. Nxe5 Qxe5 19. Qd7+ Kf8 20. Qc6 Qb8 21. exf7
Kxf7 22. Qd5+ e6 23. Qd7+ Kg8 24. Qxe6+ Kh7 25. Ne4 Qe5 26. Qxe5 Bxe5 27. Rab1
Rhb8 28. Rfd1 g5 29. g3 a4 30. Rxb8 Rxb8 31. Rd5 Bg7 32. Rd6 Nc7 33. Rd7 Nb5
34. Bxc5 Kg6 35. c4 Nc3 36. Rxg7+ Kxg7 37. Nxc3 Ra8 38. a3 Kf6 39. Kg2 Ke5 40.
Kf3 Ra5 41. Bb4 Ra6 42. Ke3 h5 43. f4+ gxf4+ 44. gxf4+ Kf5 45. c5 h4 46. Nb5
Rg6 47. c6 Ke6 48. f5+ Kxf5 49. Nd6+ 1-0

[Event "GBR-ch90"]
[Site "Edinburgh"]
[Date "2003.07.26"]
[Round "6.46"]
[White "Simmons, Matthew"]
[Black "Walton, Alan J"]
[Result "0-1"]
[WhiteElo "2176"]
[BlackElo "2158"]
[PlyCount "116"]
[EventDate "2003.07.21"]
[EventType "swiss"]
[EventRounds "11"]
[EventCountry "GBR"]
[SourceTitle "BritBase"]
[Source "John Saunders"]
[SourceDate "2008.07.14"]
[SourceVersion "1"]
[SourceVersionDate "2008.07.14"]
[SourceQuality "2"]

1. e4 e6 2. d4 d5 3. Nc3 Nf6 4. Bg5 Be7 5. e5 Nfd7 6. h4 c5 7. Bxe7 Kxe7 8.
dxc5 Nxc5 9. Qg4 Kf8 10. O-O-O Nc6 11. Nf3 a6 12. Rh3 h6 13. Rg3 Rg8 14. Nd4
Nxe5 15. Qh5 Qc7 16. Re3 Ng6 17. g3 b5 18. Qe2 Bd7 19. f4 b4 20. Nb1 Ne4 21.
Qe1 a5 22. Bd3 f5 23. h5 Ne7 24. Nf3 Rc8 25. Ne5 Bb5 26. Qe2 Bxd3 27. Rexd3 Qa7
28. Rf1 Nc6 29. Nxc6 Rxc6 30. g4 Qf7 31. Nd2 Ke7 32. Nxe4 fxe4 33. Rd2 Rgc8 34.
f5 e5 35. Rfd1 Rc5 36. Qa6 e3 37. Re2 d4 38. b3 Qf6 39. Qb7+ Kf8 40. Qe4 Qa6
41. Rg2 a4 42. Kb1 axb3 43. cxb3 Qc6 44. Qxc6 R8xc6 45. g5 hxg5 46. Kb2 Rf6 47.
Rxg5 e2 48. Rdg1 Rc7 49. R5g3 Rxf5 50. h6 gxh6 51. Rg8+ Ke7 52. R8g7+ Rf7 53.
R7g3 Rf1 54. Rg7+ Kd6 55. R1g6+ Kd5 56. Rxc7 e1=Q 57. Rd7+ Ke4 58. Rg4+ Kd3 0-1

[Event "GBR-ch90"]
[Site "Edinburgh"]
[Date "2003.07.26"]
[Round "6.47"]
[White "Clarke, Thomas M"]
[Black "Meyer, Gordon"]
[Result "0-1"]
[WhiteElo "2128"]
[BlackElo "2175"]
[PlyCount "66"]
[EventDate "2003.07.21"]
[EventType "swiss"]
[EventRounds "11"]
[EventCountry "GBR"]
[SourceTitle "BritBase"]
[Source "John Saunders"]
[SourceDate "2008.07.14"]
[SourceVersion "1"]
[SourceVersionDate "2008.07.14"]
[SourceQuality "2"]

1. d4 g6 2. h4 Nf6 3. Bg5 Bg7 4. Nc3 h6 5. Bf4 d6 6. Qd2 Nbd7 7. e4 e5 8. dxe5
dxe5 9. Bg3 O-O 10. O-O-O Qe7 11. Nf3 c6 12. Kb1 Nc5 13. Qe1 Bg4 14. Bxe5 Rad8
15. Rxd8 Rxd8 16. Bd4 Bxf3 17. Bxc5 Qxc5 18. gxf3 Nh5 19. Bd3 Nf4 20. Qe3 Qxe3
21. fxe3 Nxd3 22. cxd3 Bxc3 23. bxc3 Rxd3 24. Kc2 Rxe3 25. Rh3 Re2+ 26. Kb3 Rf2
27. a4 Kf8 28. Kc4 Ke7 29. a5 Kd6 30. Kd4 c5+ 31. Kc4 Kc6 32. Rg3 h5 33. Rh3
Ra2 0-1

[Event "GBR-ch90"]
[Site "Edinburgh"]
[Date "2003.07.28"]
[Round "7.1"]
[White "Motwani, Paul"]
[Black "Rahman, Ziaur"]
[Result "0-1"]
[WhiteElo "2525"]
[BlackElo "2521"]
[PlyCount "73"]
[EventDate "2003.07.21"]
[EventType "swiss"]
[EventRounds "11"]
[EventCountry "GBR"]
[SourceTitle "BritBase"]
[Source "John Saunders"]
[SourceDate "2008.07.14"]
[SourceVersion "1"]
[SourceVersionDate "2008.07.14"]
[SourceQuality "2"]

1. e4 d6 2. d4 Nf6 3. Nc3 g6 4. Be3 c6 5. Nf3 Bg7 6. a4 O-O 7. h3 Nbd7 8. a5
Rb8 9. Be2 b5 10. axb6 axb6 11. O-O Qc7 12. d5 Bb7 13. Nd4 cxd5 14. Ndb5 Qc6
15. Na7 Qc7 16. exd5 Nc5 17. Re1 Ra8 18. Ncb5 Qd7 19. c4 Nfe4 20. Bd4 e5 21.
dxe6 fxe6 22. f3 Bxd4+ 23. Nxd4 Ng5 24. Ndb5 e5 25. Ra3 Nxh3+ 26. gxh3 Qxh3 27.
Bf1 Qg3+ 28. Bg2 Ne6 29. Re2 Nf4 30. Qe1 Qg5 31. Rd2 Rf6 32. Qe3 Raf8 33. Kf1
e4 34. Rf2 exf3 35. Bxf3 Bxf3 36. Qxf3 Ne6 37. Qd1 0-1

[Event "GBR-ch90"]
[Site "Edinburgh"]
[Date "2003.07.28"]
[Round "7.2"]
[White "Kotronias, Vasilios"]
[Black "Wells, Peter K"]
[Result "0-1"]
[WhiteElo "2602"]
[BlackElo "2481"]
[PlyCount "128"]
[EventDate "2003.07.21"]
[EventType "swiss"]
[EventRounds "11"]
[EventCountry "GBR"]
[SourceTitle "BritBase"]
[Source "John Saunders"]
[SourceDate "2008.07.14"]
[SourceVersion "1"]
[SourceVersionDate "2008.07.14"]
[SourceQuality "2"]

1. e4 c6 2. d4 d5 3. e5 Bf5 4. h4 h5 5. c4 e6 6. Nc3 Ne7 7. Bg5 dxc4 8. Bxc4
Nd7 9. Nge2 Nb6 10. Bd3 Bxd3 11. Qxd3 Qd7 12. O-O Nf5 13. Rfd1 Be7 14. Ng3 Nxh4
15. Bxe7 Qxe7 16. a4 Rd8 17. a5 Nd5 18. Nxd5 Rxd5 19. a6 b6 20. Qc2 O-O 21.
Nxh5 Qg5 22. Ng3 c5 23. Qa4 Qg4 24. Qc2 Rfd8 25. Qe4 Qxe4 26. Nxe4 Nf5 27. f4
Rxd4 28. Rxd4 Rxd4 29. Nc3 Rb4 30. Rd1 Nd4 31. Rd2 Kf8 32. Kf2 Ke7 33. Ke3 Nb3
34. Rf2 Na5 35. Kd3 g5 36. g3 gxf4 37. gxf4 Nc6 38. Ke3 Nd4 39. Rh2 Nb5 40. Rh8
Nxc3 41. bxc3 Ra4 42. Rb8 Rxa6 43. Rb7+ Kf8 44. f5 exf5 45. Kf4 Ra1 46. Kg5
Rg1+ 47. Kxf5 Rc1 48. Kf6 Rf1+ 49. Kg5 Rc1 50. Kf6 Rf1+ 51. Kg5 c4 52. Rxa7 Rf3
53. Rb7 Rxc3 54. Rxb6 Rc1 55. Rc6 c3 56. Kf6 Rf1+ 57. Kg5 Rc1 58. Kf6 Ke8 59.
e6 fxe6 60. Kxe6 Kd8 61. Rd6+ Kc7 62. Rd3 c2 63. Re3 Kb6 64. Re2 Kc5 0-1

[Event "GBR-ch90"]
[Site "Edinburgh"]
[Date "2003.07.28"]
[Round "7.3"]
[White "Gormally, Daniel W"]
[Black "Harikrishna, Pentala"]
[Result "0-1"]
[WhiteElo "2478"]
[BlackElo "2558"]
[PlyCount "100"]
[EventDate "2003.07.21"]
[EventType "swiss"]
[EventRounds "11"]
[EventCountry "GBR"]
[SourceTitle "BritBase"]
[Source "John Saunders"]
[SourceDate "2008.07.14"]
[SourceVersion "1"]
[SourceVersionDate "2008.07.14"]
[SourceQuality "2"]

1. e4 e5 2. Nf3 Nc6 3. Bb5 a6 4. Ba4 d6 5. Bxc6+ bxc6 6. d4 exd4 7. Nxd4 c5 8.
Ne2 Nf6 9. Nbc3 Bb7 10. O-O g6 11. Bg5 Bg7 12. Nd5 Bxd5 13. Bxf6 Qxf6 14. Qxd5
O-O 15. Rab1 Qe5 16. Qxe5 Bxe5 17. c3 a5 18. f4 Bg7 19. Ng3 a4 20. e5 d5 21. c4
c6 22. Rbc1 f6 23. cxd5 cxd5 24. Rxc5 fxe5 25. fxe5 Bxe5 26. Rxd5 Bxb2 27. Ne4
Rfd8 28. Rfd1 Re8 29. R5d2 Be5 30. Nd6 Re6 31. Rd5 Bf6 32. Nc4 Rc8 33. Rd6 Rxd6
34. Rxd6 Kf7 35. Ne3 Be5 36. Rd2 Rc1+ 37. Kf2 Bxh2 38. Rd7+ Ke6 39. Rxh7 Bg1+
40. Ke2 Ra1 41. Nc2 Rxa2 42. Kd3 Rb2 43. Rh1 Bc5 44. Ra1 a3 45. Kc3 Kf5 46.
Nxa3 Bxa3 47. Rxa3 Rxg2 48. Ra4 g5 49. Kd3 g4 50. Ke3 Kg5 0-1

[Event "GBR-ch90"]
[Site "Edinburgh"]
[Date "2003.07.28"]
[Round "7.5"]
[White "Vijayalakshmi, Subbaraman"]
[Black "Ganguly, Surya Shekhar"]
[Result "1-0"]
[WhiteElo "2435"]
[BlackElo "2535"]
[PlyCount "141"]
[EventDate "2003.07.21"]
[EventType "swiss"]
[EventRounds "11"]
[EventCountry "GBR"]
[SourceTitle "BritBase"]
[Source "John Saunders"]
[SourceDate "2008.07.14"]
[SourceVersion "1"]
[SourceVersionDate "2008.07.14"]
[SourceQuality "2"]

1. b3 e5 2. Bb2 Nc6 3. c4 Nf6 4. g3 d5 5. Bg2 dxc4 6. Bxc6+ bxc6 7. Bxe5 Bc5 8.
Bb2 Ne4 9. e3 cxb3 10. axb3 O-O 11. Qc2 Qd5 12. f3 Ng5 13. Ra5 Nxf3+ 14. Nxf3
Qxf3 15. Rf1 Qg2 16. Qc3 f6 17. Qc4+ Kh8 18. Rxc5 Bh3 19. Qe2 Qxe2+ 20. Kxe2
Bxf1+ 21. Kxf1 Rfb8 {(=)} 22. Rc3 c5 23. Na3 Rd8 24. Bc1 Rd5 25. Nb5 Rc8 26.
Nxa7 Rb8 27. Nc6 Ra8 28. e4 Rh5 29. Kg2 Ra6 30. Nd8 Kg8 31. Nb7 f5 32. Nxc5
Rah6 33. exf5 Rxh2+ 34. Kf3 Rh1 35. d3 Rf6 36. g4 h5 37. Ne4 Rf7 38. Ng3 hxg4+
39. Kxg4 Rd1 40. Bf4 Rd7 41. Bxc7 R1xd3 42. Be5 R3d5 43. Rc8+ Kf7 44. Bc3 Rd1
45. b4 Re7 46. Rc4 Rc1 47. Rc5 Rg1 48. Be5 Re1 49. Bc3 Rg1 50. Kf3 Rd1 51. Ne4
Ke8 52. Be5 Rf1+ 53. Ke2 Rb1 54. b5 Ra7 55. Nc3 Rb4 56. Kd3 Kd8 57. Rd5+ Kc8
58. Bd4 Ra1 59. Rc5+ Kb7 60. Bxg7 Rf1 61. Bd4 Rf3+ 62. Ke4 Rh3 63. Ke5 Rb2 64.
Nd5 Re2+ 65. Kd6 Rd3 66. Rc7+ Kb8 67. Rc4 Re8 68. Nf6 Rc8 69. Nd7+ Kb7 70. Nc5+
Kb8 71. Ra4 1-0

[Event "GBR-ch90"]
[Site "Edinburgh"]
[Date "2003.07.28"]
[Round "7.8"]
[White "Ansell, Simon T"]
[Black "Turner, Matthew J"]
[Result "0-1"]
[WhiteElo "2379"]
[BlackElo "2519"]
[PlyCount "88"]
[EventDate "2003.07.21"]
[EventType "swiss"]
[EventRounds "11"]
[EventCountry "GBR"]
[SourceTitle "BritBase"]
[Source "John Saunders"]
[SourceDate "2008.07.14"]
[SourceVersion "1"]
[SourceVersionDate "2008.07.14"]
[SourceQuality "2"]

1. e4 c5 2. Nf3 g6 3. d4 cxd4 4. Nxd4 Bg7 5. Nc3 Nc6 6. Nde2 d6 7. g3 Bg4 8.
Bg2 Qc8 9. h3 Bd7 10. Nd5 Nf6 11. O-O Nxd5 12. exd5 Ne5 13. Kh2 h5 14. c3 h4
15. g4 Bxg4 16. hxg4 h3 17. Be4 Qxg4 18. Ng3 f5 19. f3 Qh4 20. Qa4+ b5 21.
Qxb5+ Kf7 22. Bc2 f4 23. Ne2 Bh6 24. Qa4 Rac8 25. Qd4 Rc4 26. Qf2 Qf6 27. Bd2
Bg5 28. Rg1 Bh4 29. Qf1 g5 30. b3 g4 31. fxg4 f3 32. bxc4 f2 33. Nd4 fxg1=Q+
34. Qxg1 Bf2 35. Qd1 Bxd4 36. Qe2 Qf3 37. Qxf3+ Nxf3+ 38. Kg3 Bg1 39. Rxg1 Nxg1
40. Be4 h2 41. Bh1 Rh3+ 42. Kf2 Rd3 43. Be3 Nh3+ 44. Ke2 Rxc3 0-1